| 000 | 01077nam a22003137a 4500 | ||
|---|---|---|---|
| 001 | BR8300131 | ||
| 003 | BR-BrBNA | ||
| 005 | 20230928091555.0 | ||
| 007 | ta | ||
| 008 | 230509b bl.||||| |||| 00| 0 por d | ||
| 040 |
_aBR-BrBNA _bpor _cBiblioteca Nacional de Agricultura |
||
| 041 | _a(Por) | ||
| 072 |
_aK20 _b3140 |
||
| 090 | _ 3140 BR8300131 | ||
| 100 | 1 | _aTrovati, L.R. | |
| 110 | 1 |
_aEscola Superior de Agricultura Luiz de Queiroz, Piracicaba, SP (Brasil) _0Tese (Mestre em Agrometeorologia) |
|
| 245 | 1 | _aResposta da densidade dos aneis de crescimento de Pinus oocarpa Schiede aos fatores climaticos [pinheiro] | |
| 246 | 1 | _aResponse of tree - ring density of Pinus oocarpa Schiede to climate factors [pine] | |
| 260 | 3 |
_aPiracicaba, SP (Brasil): _c1982. |
|
| 300 | _a106 p. | ||
| 500 | _a11 illus.; 19 tables; Bibliography p. 88-97 (70 ref.); Summaries (Eng, Por) | ||
| 650 | _aPINHEIRO | ||
| 650 | _aCRESCIMENTO | ||
| 650 | _aECOLOGIA FLORESTAL | ||
| 650 | _aCLIMA | ||
| 650 | _aDENDROLOGIA | ||
| 909 |
_a202309 _bLucia _c55 _dLucia Elande |
||
| 942 | _cBK | ||
| 999 |
_c34475 _d34475 |
||